• 首页
  • 本馆介绍
  • 公告通知
  • 最新文献
  • 馆藏检索
  • 电子资源
  • 读者导购
  • 参考咨询
  • 我的图书馆
  • 登录
  • 详细信息显示
  • 放入我的书架
  • 预约/预借图书
  • 作者相关作品
  • 分类相关作品
  • 丛书相关作品
  • 出版社相关作品

书目信息

  • 表格格式
  • 工作单格式
  • 卡片格式
题名:
泰山之旅
    
 
作者: 李存修 编著
分册:  
出版信息: 广州   广东旅游出版社  2001.08
页数: 139页
开本: 20cm
丛书名: 中国之旅热线丛书
单 册:
中图分类: K928.952
科图分类:
主题词: 地理--中国
电子资源:
ISBN: 7-80653-065-7
000 00634nam0 2200229 450
001 0456489288
005 20040319154128.61
010    @a7-80653-065-7@dCNY25.50
100    @a20040319d2001 km y0chiy0120 ea
101 0  @achi
102    @aCN@b440000
102    @aCN@b440000
200 1  @a泰山之旅@Atai shan zhi lu@f李存修编著@Fli cun xiu bian zhu
210    @a广州@c广东旅游出版社@d2001.08
215    @a139页@d20cm
225 2  @a中国之旅热线丛书
410  0 @12001 @a中国之旅热线丛书
606 0  @a地理@x中国
690    @aK928.952@v4
701  0 @a李存修@Ali cun xiu@4编著
801  0 @aCN@bPFT@c20040319
905    @aBZT@dK928.952@e1@f3
    
    泰山之旅/李存修编著.-广州:广东旅游出版社,2001.08
    139页;20cm.-(中国之旅热线丛书)
    
    
    ISBN 7-80653-065-7:CNY25.50
    
●
相关链接 在五车中查询图书 在当当中查询图书 在豆瓣中查询图书


正题名:泰山之旅     索取号:K928.952/1         预约/预借

序号 登录号 条形码 馆藏地/架位号 状态 备注
1 0360595   200633608   中心书库南/015架B面6层6列/ [索取号:K928.952/1] 在馆    
2 2001740665   2001740665   样本书库/样005架B面4层2列/ [索取号:K928.952/1] 在馆    
山东省滨州职业学院图书馆 欢迎您!
大连网信软件有限公司© 版权所有